| 000 | 00325nam a2200121Ia 4500 | ||
|---|---|---|---|
| 008 | 230907s9999||||xx |||||||||||||| ||und|| | ||
| 082 | _a621.31,SIN | ||
| 100 |
_aL P Singh _9115220 |
||
| 245 | 0 | _aAdvanced power system analysis and Dynamics/ | |
| 260 |
_aNew Academic Science _bUK _c2012 |
||
| 300 | _axii,469p.: | ||
| 942 | _cBK | ||
| 999 |
_c597885 _d597885 |
||